Online
Catalog

Reforma constitucional : (Record no. 44676)

MARC details
000 -CABECERA
campo de control de longitud fija 01572nam a2200253 a 4500
001 - NÚMERO DE CONTROL
campo de control 000045187
003 - IDENTIFICADOR DEL NÚMERO DE CONTROL
campo de control DO-SdBNP
005 - FECHA Y HORA DE LA ÚLTIMA TRANSACCIÓN
campo de control 20240314193807.0
008 - DATOS DE LONGITUD FIJA--INFORMACIÓN GENERAL
campo de control de longitud fija 150209s2003 dr 000 0 spa d
040 ## - FUENTE DE LA CATALOGACIÓN
Centro catalogador/agencia de origen DO-SdBNP
Lengua de catalogación spa
Centro/agencia transcriptor BNPHU
082 ## - NÚMERO DE LA CLASIFICACIÓN DECIMAL DEWEY
Número de clasificación 353.4
Número de documento/Ítem R426r
Número de edición 22
110 1# - ENTRADA PRINCIPAL--NOMBRE DE ENTIDAD CORPORATIVA
Nombre de entidad corporativa o nombre de jurisdicción como elemento de entrada República Dominicana.
Unidad subordinada Comisionado de Apoyo a la Reforma y Modernización de la Justicia
9 (RLIN) 17179
245 10 - MENCIÓN DE TÍTULO
Título Reforma constitucional :
Resto del título propuesta integral para el sector judicial /
Mención de responsabilidad, etc. presentación ; Alejandro Moscoso Segarra ; edición Ramón Jáquez Liriano.
260 ## - PUBLICACIÓN, DISTRIBUCIÓN, ETC.
Lugar de publicación, distribución, etc. Santo Domingo :
Nombre del editor, distribuidor, etc. Comisionado de Apoyo a la Reforma y Modernización de la Justicia,
Fecha de publicación, distribución, etc. [2003?].
300 ## - DESCRIPCIÓN FÍSICA
Extensión vii, 73 p ;
Dimensiones 25 cm.
500 ## - NOTA GENERAL
Nota general Mesa Nacional de Decanos de Facultades y Escuelas de Derecho; Comisionado de Apoyo a la Reforma y Modernización de la Justicia.
505 0# - NOTA DE CONTENIDO CON FORMATO
Nota de contenido con formato Presentación --
Título La Suprema Corte de Justicia en la reforma constitucional --
-- Del Consejo Nacional de la Magistratura al Consejo General del Poder Judicial --
-- El Consejo de la Magistratura Superior --
-- Fortaleciendo la jurisdicción constitucional --
-- El Ministerio Público en la reforma constitucional --
-- Sistema de perfeccionamiento de los tratados internacionales en República Dominicana --
-- Propuesta de reforma constitucional para el sector judicial --
590 ## - NOTA LOCAL (RLIN)
Nota local Inventariado, 2022 / DG
650 4# - PUNTO DE ACCESO ADICIONAL DE MATERIA--TÉRMINO DE MATERIA
Término de materia o nombre geográfico como elemento de entrada REFORMAS CONSTITUCIONALES
Subdivisión geográfica REPUBLICA DOMINICANA
9 (RLIN) 8313
700 12 - PUNTO DE ACCESO ADICIONAL--NOMBRE DE PERSONA
Nombre de persona Moscoso Segarra, Alejandro A
Fechas asociadas al nombre 1964-
Término indicativo de función/relación pres.
9 (RLIN) 62241
700 12 - PUNTO DE ACCESO ADICIONAL--NOMBRE DE PERSONA
Nombre de persona Jáquez Liriano,Ramón,
Término indicativo de función/relación ed.
9 (RLIN) 73203
910 ## - DATOS DE OPCIÓN DEL USUARIO (OCLC)
Datos de opción del usuario DG
942 ## - ELEMENTOS DE PUNTO DE ACCESO ADICIONAL (KOHA)
Fuente del sistema de clasificación o colocación Dewey Decimal Classification
Tipo de ítem Koha Libro
Holdings
Estado de retiro Estado de pérdida Fuente del sistema de clasificación o colocación Restricciones de uso No para préstamo Código de colección Localización permanente Ubicación/localización actual Ubicación en estantería Fecha de adquisición Signatura topográfica completa Código de barras Fecha visto por última vez Precio válido a partir de Tipo de ítem Koha Total de préstamos Número de copia
    Dewey Decimal Classification Excluido de préstamo   Patrimonio Dominicano Biblioteca Nacional Pedro Henríquez Ureña Biblioteca Nacional Pedro Henríquez Ureña Depósito 09.02.2015 BNPHU PD 353.4 R426r 45187-10 25.06.2020 25.06.2020 Libro    
    Dewey Decimal Classification Excluido de préstamo   Patrimonio Dominicano Biblioteca Nacional Pedro Henríquez Ureña Biblioteca Nacional Pedro Henríquez Ureña En catalogación 06.12.2022 BNPHU PD 353.4 R426r 2022-5907 06.12.2022 06.12.2022 Libro   e.2

Powered by Koha